000 00752cam a22001932 4500
001 0000023421
005 20151217161556.0
008 121127s xx 000 0 eng d
040 _aKABU
_cKABU
100 1 _aLumumba, Patrick.
_@0000182794
245 1 3 _aAn assessment of the effectiveness of non-monetary incentives in motivating SACCO society staff :
_ba case study of front office savings accounts workers in Nairobi county /
_cPatrick Lumumba.
260 _aNakuru :
_bKabarak University,
_c2012.
300 _ax, 78 leaves +
_e1 CD-ROM.
502 _aThesis (MBA) - Kabarak University, 2012.
650 0 _aEmployee motivation.
_@0000150982
908 _a121127
950 _@1
999 _c15360
_d15360